Educating exceptional children (Record no. 6634)

MARC details
000 -LEADER
fixed length control field 00847 a2200217 4500
005 - DATE AND TIME OF LATEST TRANSACTION
control field 20080905100712.0
008 - FIXED-LENGTH DATA ELEMENTS--GENERAL INFORMATION
fixed length control field 080905t xxu||||| |||| 00| 0 eng d
010 ## - LIBRARY OF CONGRESS CONTROL NUMBER
LC control number ENG-87532
020 ## - INTERNATIONAL STANDARD BOOK NUMBER
Terms of availability 350.00
International Standard Book Number 8120332843
035 ## - SYSTEM CONTROL NUMBER
System control number EN-71065
037 ## - SOURCE OF ACQUISITION
Source of stock number/acquisition D.B.Act / Pub
082 ## - DEWEY DECIMAL CLASSIFICATION NUMBER
Classification number 371.94
100 ## - MAIN ENTRY--PERSONAL NAME
Personal name Mangal, S. K.
245 ## - TITLE STATEMENT
Title Educating exceptional children
Statement of responsibility, etc by S. K. Mangal
Remainder of title an introduction to special education
260 ## - PUBLICATION, DISTRIBUTION, ETC. (IMPRINT)
Place of publication, distribution, etc New Delhi
Name of publisher, distributor, etc Prentice Hall of India
Date of publication, distribution, etc 2007
270 ## - ADDRESS
Address M-97, Connaught Circus
City New Delhi
Postal code 110 001
300 ## - PHYSICAL DESCRIPTION
Extent xix, 584 p.
Dimensions 24 cm. (Pbk)
500 ## - GENERAL NOTE
General note Includes glossary and index
942 ## - ADDED ENTRY ELEMENTS (KOHA)
Institution code [OBSOLETE] dpl
Koha item type English Books
Call number prefix 371.94 / MAN
Source of classification or shelving scheme Dewey Decimal Classification
Classification part 371.94
Call number suffix MAN
Holdings
Withdrawn status Lost status Damaged status Not for loan Collection code Home library Current library Date acquired Cost, normal purchase price Total Checkouts Full call number Barcode Date last seen Copy number Uniform Resource Identifier Cost, replacement price Price effective from Koha item type
      Not For Loan Non-fiction D.B.Act.Division D.B.Act.Division 05/09/2008 350.00   371.94 MAN EN-71065 15/09/2008 1 7135 350.00 15/09/2008 English Books

© Delhi Public Library
Hit Counter
free hit counter